Big Girls Don't Cry - Fergie (All Lyrics) - Statistics

General Stats
  • This quiz has been taken 963 times
  • The average score is 273 of 353
Answer Stats
Lyrics % Correct
do
98%
do.
98%
I
98%
I.
98%
a
96%
you
96%
you.
96%
big
95%
cry,
95%
cry.
95%
girl
95%
and
94%
And
94%
don't
94%
The
94%
the
94%
to
94%
To
94%
to.
94%
girls
93%
my
93%
be
91%
on
90%
go
89%
It's
89%
it's
89%
your
88%
with
87%
know,
86%
know
86%
now.
86%
that
85%
me
84%
nothing
84%
hope
83%
I'm
83%
like
83%
Like
83%
myself
82%
this
82%
time
81%
got
78%
miss
78%
has
77%
but
76%
But
76%
gonna
76%
of
76%
child
75%
life.
75%
some
75%
blanket,
73%
get
73%
I've
73%
misses
73%
move
73%
personal,
73%
their
72%
out
71%
home
68%
home.
68%
if
65%
in
64%
need
64%
smell
64%
lingers
63%
You're
62%
for
61%
baby.
60%
baby
60%
can
60%
skin
60%
peace,
59%
want
59%
We've
59%
'Cause
58%
own
58%
town.
58%
back
57%
clarity,
57%
serenity.
57%
too.
57%
hold
55%
hand,
54%
yours
53%
center,
52%
have
51%
I'll
51%
play
51%
we'll
51%
We'll
51%
flight
50%
protection,
49%
shelter
49%
straightenin'
49%
you'll
49%
school
47%
probably
46%
they?
46%
Valentine.
45%
Yes
45%
friend
44%
best
43%
lovers
43%
yard,
43%
cards.
41%
little
41%
our
41%
jacks
40%
must
40%
dark
39%
uno
38%
always
37%
happy
37%
ending,
36%
late,
36%
secret
36%
take
36%
Fairytales
35%
getting
35%
playmates
35%
share
35%
walking,
35%
alone.
34%
grown,
34%
grown.
34%
mate
34%
full
33%
outside.
33%
steps
33%
'til
33%
path
31%
stay.
29%
words.
23%
ahead
21%
foresee
14%
No matching quizzes found
Score Distribution
Percent of People with Each Score
Percentile by Number Answered
Your Score History
You have not taken this quiz